[Event "SVK-ch U20 rapid"]
[Site "Senec"]
[Date "2023.05.07"]
[Round "1"]
[White "Badinka, Adam"]
[Black "Sefcik, Richard"]
[Result "1-0"]
[WhiteElo "1862"]
[BlackElo "1040"]
[PlyCount "83"]
[EventDate "2023.05.07"]
[EventType "rapid"]
[EventRounds "7"]
[EventCountry "SVK"]
[SourceTitle "EXT 2024"]
[Source "ChessBase"]
[SourceDate "2023.10.10"]
[SourceVersion "1"]
[SourceVersionDate "2023.10.10"]
[SourceQuality "1"]

1. e4 e5 2. Nf3 Nc6 3. Bc4 Nf6 4. Ng5 d5 5. exd5 Nxd5 6. Nxf7 Kxf7 7. Qf3+ Qf6 8. Bxd5+ Be6 9. Bxc6 bxc6 10. Qxf6+ Kxf6 11. 0-0 Bc5 12. Nc3 Bd4 13. Ne4+ Kf5 14. Ng3+ Kg5 15. c3 Bc4 16. Re1 Bc5 17. d4+ Kf6 18. Ne4+ Kf5 19. Nxc5 exd4 20. b3 Rae8 21. Bd2 Bf7 22. Rxe8 Rxe8 23. Re1 Rxe1+ 24. Bxe1 Ke5 25. c4 Kd6 26. Bb4 g5 27. Ne4+ Ke5 28. Nxg5 Bg6 29. Kf1 Kf4 30. Bd2+ Kf5 31. Ke2 h6 32. Nf3 Ke6 33. Nxd4+ Ke5 34. Nxc6+ Kd6 35. Nxa7 Kc5 36. Bxh6 Kb4 37. Nb5 c6 38. Bd2+ Kc5 39. Nc3 Kd4 40. g4 c5 41. h4 Bd3+ 42. Kf3 1-0

[Event "SVK-ch U20 rapid"]
[Site "Senec"]
[Date "2023.05.07"]
[Round "7"]
[White "Sefcik, Richard"]
[Black "Zatko, Slavomir"]
[Result "0-1"]
[WhiteElo "1040"]
[BlackElo "1088"]
[PlyCount "52"]
[EventDate "2023.05.07"]
[EventType "rapid"]
[EventRounds "7"]
[EventCountry "SVK"]
[SourceTitle "EXT 2024"]
[Source "ChessBase"]
[SourceDate "2023.10.10"]
[SourceVersion "1"]
[SourceVersionDate "2023.10.10"]
[SourceQuality "1"]

1. e4 e5 2. Nf3 Nf6 3. Nc3 Bc5 4. Bc4 Nc6 5. 0-0 Nd4 6. d3 d6 7. Be3 Ng4 8. Bxd4 Bxd4 9. Nxd4 exd4 10. Nd5 h5 11. c3 Qh4 12. h3 Kd8 13. cxd4 Be6 14. Ne3 c6 15. d5 cxd5 16. exd5 Bd7 17. d4 Rc8 18. Bd3 g5 19. Bf5 Nxe3 20. fxe3 Bxf5 21. Qe1 Qxe1 22. Rfxe1 Be4 23. g4 hxg4 24. hxg4 Rh1+ 25. Kf2 Rc2+ 26. Kg3 Rg2# 0-1